Voces de la campana mayor / (Record no. 174412)

MARC details
000 -LEADER
campo de control de longitud fija 00750nam a2200217 4500
001 - NÚMERO DE CONTROL
campo de control 174412
003 - IDENTIFICADOR DE NÚMERO DE CONTROL
campo de control ES-MaACL
005 - FECHA Y HORA DE LA ÚLTIMA TRANSACCIÓN
campo de control 20230906215523.0
008 - DATOS DE LONGITUD FIJA--INFORMACIÓN GENERAL
campo de control de longitud fija 100416s1970 mx |||| |dspa d
080 ## - NÚMERO DE LA CLASIFICACIÓN DECIMAL UNIVERSAL
Número de la Clasificación Decimal Universal 821.134.2(729.5)-14"19"
100 1# - ENTRADA PRINCIPAL--NOMBRE DE PERSONA
Nombre de persona Lloréns Torres, Luis.
9 (RLIN) 72896
245 10 - MENCIÓN DEL TÍTULO
Título Voces de la campana mayor /
Mención de responsabilidad, etc. Luis Lloréns Torres ; introducción, Carlos de Arce.
250 ## - MENCION DE EDICION
Mención de edición 3ª ed.
260 ## - PUBLICACIÓN, DISTRIBUCIÓN, ETC.
Lugar de publicación, distribución, etc. San Juan de Puerto Rico :
Nombre del editor, distribuidor, etc. Cordillera,
Fecha de publicación, distribución, etc. 1970 (
Lugar de fabricación/manufactura México)
300 ## - DESCRIPCIÓN FÍSICA
Extensión 136 p. ;
Dimensiones 19 cm.
490 1# - MENCIÓN DE SERIE
Mención de serie Los grandes escritores de Puerto Rico
700 1# - ENTRADA AGREGADA--NOMBRE PERSONAL
Nombre de persona Arce, Carlos de.
9 (RLIN) 22446
830 0# - PUNTO DE ACCESO ADICIONAL DE SERIE-TÍTULO UNIFORME
Título uniforme Los grandes escritores de Puerto Rico
9 (RLIN) 184786
852 4# - LOCALIZACIÓN
Ubicación BA
Número de control de estantería C-57165
Nota libre . - Donativo Ateneo Puertorriqueño
Holdings
Estatus retirado Estado de pérdida Estado de daño No para préstamo Biblioteca de origen Biblioteca actual Ubicación en estantería Fecha de adquisición Fuente de adquisición Total de préstamos Signatura topográfica completa Código de barras Visto por última vez Precio de reemplazo Tipo de ítem Koha
        Biblioteca del Ateneo de Madrid Biblioteca del Ateneo de Madrid Depósito 2 16/04/2010     C-57165 1183068 23/02/2023 23/02/2023 Libro impreso